|
|
|
|
| LEADER |
00000nam0a2200000 4500 |
| 001 |
164135 |
| 005 |
20231101222439.0 |
| 010 |
|
|
|a 9785769547560
|
| 035 |
|
|
|a (RuTPU)RU\TPU\book\178082
|
| 090 |
|
|
|a 164135
|
| 100 |
|
|
|a 20090901d2008 m y0rusy50 ca
|
| 101 |
0 |
|
|a rus
|
| 102 |
|
|
|a RU
|
| 105 |
|
|
|a a j 001zy
|
| 200 |
1 |
|
|a Методологические основы психологии
|e учебное пособие
|f Н. Е. Веракса
|
| 210 |
|
|
|a Москва
|c Академия
|d 2008
|
| 215 |
|
|
|a 238 с.
|c ил.
|
| 225 |
1 |
|
|a Высшее профессиональное образование. Психология
|
| 320 |
|
|
|a Библиогр. в конце гл.
|
| 330 |
|
|
|a В учебном пособии рассматривается структура психологической науки, показываются закономерности становления психологического знания, оформления ее проблематики. Со структурно-диалектических позиций рассматривается проблематика психологических исследований — система различных психологических теорий, объединенных в единое пространство психологического знания, развивающегося по общим законам. Для студентов высших учебных заведений, изучающих психологию. Может быть полезно преподавателям психологии, а также всем интересующимся проблемами познания.
|
| 606 |
1 |
|
|a Психология
|x Методология
|2 stltpush
|3 (RuTPU)RU\TPU\subj\53129
|9 71479
|
| 610 |
1 |
|
|a методы
|
| 610 |
1 |
|
|a язык
|
| 610 |
1 |
|
|a психологические тексты
|
| 610 |
1 |
|
|a психологические факты
|
| 610 |
1 |
|
|a психологические закономерности
|
| 610 |
1 |
|
|a личность
|
| 610 |
1 |
|
|a учебные пособия
|
| 686 |
|
|
|a Ю93я73
|v LBC/SL-A
|2 rubbk
|
| 700 |
|
1 |
|a Веракса
|b Н. Е.
|g Николай Евгеньевич
|
| 801 |
|
1 |
|a RU
|b 63413507
|c 20090901
|
| 801 |
|
2 |
|a RU
|b 63413507
|c 20120110
|g RCR
|
| 900 |
|
|
|a Психология
|
| 942 |
|
|
|c BK
|
| 951 |
|
|
|a 521000
|b 030300
|b 030301
|
| 959 |
|
|
|a 88/20090901
|d 1
|e 271,70
|f ЧЗГЛ:1
|